[Event "13. Obert Int. Sant Marti 2011"]
[Site "Barcelona ESP"]
[Date "2011.07.14"]
[Round "2.7"]
[White "Munoz Pantoja, Miguel"]
[Black "Dominguez Pons, Eric"]
[Result "1/2-1/2"]
[WhiteElo "2482"]
[BlackElo "2344"]
[PlyCount "125"]
[EventDate "2011.07.13"]
[EventType "swiss"]
[EventRounds "9"]
[EventCountry "ESP"]
[SourceTitle "Ajedrez en Madrid"]
[Source "lmi"]
[SourceDate "2011.07.13"]
[SourceVersion "1"]
[SourceVersionDate "2019.06.21"]
[SourceQuality "1"]

1. e4 c6 2. Nc3 d5 3. Nf3 Bg4 4. Be2 Nf6 5. e5 Nfd7 6. d4 Bxf3 7. Bxf3 e6 8.
Ne2 c5 9. c3 cxd4 10. cxd4 Bb4+ 11. Nc3 Qc7 12. Qd3 Bxc3+ 13. bxc3 Nc6 14. O-O
Na5 15. Be2 O-O 16. Qh3 Rfc8 17. Bd2 Nc4 18. Be1 Nf8 19. f4 a5 20. Bd3 Ra6 21.
f5 exf5 22. Bxf5 Rh6 23. Qf3 Rd8 24. Bd3 Rd7 25. Rb1 Ne6 26. Rb5 a4 27. Rxd5
Rxd5 28. Qxd5 Ne3 29. Qb5 Nxf1 30. Bxf1 Qc6 31. d5 Qxb5 32. Bxb5 Nc5 33. Bf2 b6
34. h3 Kf8 35. Kf1 Rh5 36. Bd4 f6 37. exf6 gxf6 38. Bc6 Ke7 39. Ke2 a3 40. Be3
Rh4 41. Bf2 Re4+ 42. Kd2 Re5 43. Bd4 Rg5 44. Ke3 Rg8 45. g4 h5 46. Kf4 hxg4 47.
hxg4 Nd3+ 48. Ke3 Ne5 49. Bb5 Rxg4 50. Bxb6 Kd6 51. Be2 Rh4 52. Bd8 Kxd5 53.
Bxf6 Ng4+ 54. Bxg4 Rxg4 55. Kd3 Rg2 56. c4+ Ke6 57. Bd4 Rxa2 58. Kc3 Rb2 59.
Bc5 Rg2 60. Bxa3 Rg3+ 61. Kb4 Kd6 62. Bb2 Kc6 63. Bd4 1/2-1/2

[Event "13. Obert Int. Sant Marti 2011"]
[Site "Barcelona ESP"]
[Date "2011.07.14"]
[Round "2.8"]
[White "Gavilan Diaz, Mario"]
[Black "Karlsson, Lars"]
[Result "0-1"]
[WhiteElo "2266"]
[BlackElo "2482"]
[PlyCount "134"]
[EventDate "2011.07.13"]
[EventType "swiss"]
[EventRounds "9"]
[EventCountry "ESP"]
[SourceTitle "Ajedrez en Madrid"]
[Source "lmi"]
[SourceDate "2011.07.13"]
[SourceVersion "1"]
[SourceVersionDate "2019.06.21"]
[SourceQuality "1"]

1. d4 f5 2. g3 Nf6 3. Bg2 e6 4. Nf3 d5 5. O-O Bd6 6. c4 O-O 7. Qc2 c6 8. Nc3
Qe7 9. Bg5 h6 10. Bf4 Bxf4 11. gxf4 Nh5 12. e3 g5 13. fxg5 hxg5 14. Ne5 Qg7 15.
f4 Nd7 16. Qe2 Nxe5 17. dxe5 g4 18. b4 Bd7 19. Rab1 Rac8 20. Qd2 dxc4 21. Qd4
b5 22. Qxa7 Ra8 23. Qc7 Rfc8 24. Qd6 Ra3 25. Rbc1 Qf7 26. Rfd1 Be8 27. Qc5 Qa7
28. Qxa7 Rxa7 29. a4 bxa4 30. Na2 Rd7 31. Rxd7 Bxd7 32. Rxc4 Kf7 33. Kf2 Ke7
34. Rc5 Rd8 35. Ra5 Be8 36. Ke2 g3 37. h3 Ng7 38. Kf3 Rd2 39. Nc3 Nh5 40. Ne2
c5 41. b5 Rb2 42. Nxg3 Bxb5 43. Nxh5 Bc6+ 44. e4 Bxe4+ 45. Ke3 Rxg2 46. Rxa4
Rh2 47. Ra7+ Kd8 48. Nf6 Rxh3+ 49. Kd2 Rd3+ 50. Ke2 Rd4 51. Ke3 Bc6 52. Ra6 Kc7
53. Ra7+ Bb7 54. Ra5 Kb6 55. Ra1 Bc6 56. Rb1+ Rb4 57. Rd1 Rb3+ 58. Kd2 c4 59.
Kc2 Kc5 60. Rd6 Rf3 61. Rxe6 Ba4+ 62. Kc1 c3 63. Nd7+ Bxd7 64. Ra6 Bb5 65. Ra8
Bd3 66. Rc8+ Kd4 67. Rd8+ Ke4 0-1

[Event "13. Obert Int. Sant Marti 2011"]
[Site "Barcelona ESP"]
[Date "2011.07.14"]
[Round "2.9"]
[White "Abreu Delgado, Aryam"]
[Black "Ryan, Joseph"]
[Result "1/2-1/2"]
[WhiteElo "2479"]
[BlackElo "2267"]
[PlyCount "113"]
[EventDate "2011.07.13"]
[EventType "swiss"]
[EventRounds "9"]
[EventCountry "ESP"]
[SourceTitle "Ajedrez en Madrid"]
[Source "lmi"]
[SourceDate "2011.07.13"]
[SourceVersion "1"]
[SourceVersionDate "2019.06.21"]
[SourceQuality "1"]

1. c4 Nf6 2. g3 g6 3. Bg2 d5 4. cxd5 Nxd5 5. Nc3 Nxc3 6. bxc3 Bg7 7. Nf3 c5 8.
O-O O-O 9. Rb1 Nd7 10. c4 Nb6 11. d3 Bd7 12. Bb2 Bc6 13. Bxg7 Kxg7 14. Nd2 Bxg2
15. Kxg2 Qc7 16. Qb3 Rfb8 17. Ne4 Nd7 18. a4 b6 19. Qb2+ Kg8 20. h4 Qc6 21. Qb5
Qxb5 22. axb5 a5 23. Nc3 h5 24. Rfd1 Kf8 25. Na4 Ke8 26. e3 Ra7 27. d4 cxd4 28.
exd4 Rc7 29. Rdc1 Nf6 30. c5 Nd5 31. Re1 e6 32. Re5 Rcb7 33. Rbe1 Kd8 34. c6
Re7 35. Kf3 Re8 36. Ke2 Kc7 37. Kd3 Red8 38. Nc3 Nxc3 39. Kxc3 Rd6 40. d5 Rxd5
41. Rxd5 exd5 42. Kd4 Kd6 43. Re5 Rd8 44. f3 f6 45. Rxd5+ Kc7 46. Rxd8 Kxd8 47.
g4 f5 48. g5 f4 49. Kd5 Kc8 50. Ke4 Kd8 51. Kd4 Kc7 52. Ke5 Kc8 53. Ke4 Kc7 54.
Kd5 Kc8 55. Kd4 Kd8 56. Ke5 Kc7 57. Kd5 1/2-1/2

[Event "13. Obert Int. Sant Marti 2011"]
[Site "Barcelona ESP"]
[Date "2011.07.14"]
[Round "2.10"]
[White "Capellades Subirana, Marc"]
[Black "Cruz, Cristhian"]
[Result "0-1"]
[WhiteElo "2260"]
[BlackElo "2470"]
[PlyCount "56"]
[EventDate "2011.07.13"]
[EventType "swiss"]
[EventRounds "9"]
[EventCountry "ESP"]
[SourceTitle "Ajedrez en Madrid"]
[Source "lmi"]
[SourceDate "2011.07.13"]
[SourceVersion "1"]
[SourceVersionDate "2019.06.21"]
[SourceQuality "1"]

1. e4 c5 2. Nf3 d6 3. d4 cxd4 4. Nxd4 Nf6 5. Nc3 a6 6. a4 Nc6 7. f4 Bd7 8. Be3
e5 9. Nxc6 Bxc6 10. Bd3 exf4 11. Bxf4 Be7 12. a5 d5 13. e5 Ne4 14. Bxe4 dxe4
15. Qxd8+ Rxd8 16. Ke2 Kd7 17. Na4 Ke6 18. Nb6 g5 19. Bg3 h5 20. h3 h4 21. Be1
Rhg8 22. Bc3 g4 23. Rad1 Bb5+ 24. Ke3 Bg5+ 25. Kf2 e3+ 26. Ke1 Rxd1+ 27. Kxd1
Rd8+ 28. Ke1 Bf4 0-1

[Event "13. Obert Int. Sant Marti 2011"]
[Site "Barcelona ESP"]
[Date "2011.07.14"]
[Round "2.11"]
[White "Jimenez Fraga, Pedro Alejandro"]
[Black "Aranda Gonzalez, Jose"]
[Result "1-0"]
[WhiteElo "2464"]
[BlackElo "2260"]
[PlyCount "67"]
[EventDate "2011.07.13"]
[EventType "swiss"]
[EventRounds "9"]
[EventCountry "ESP"]
[SourceTitle "Ajedrez en Madrid"]
[Source "lmi"]
[SourceDate "2011.07.13"]
[SourceVersion "1"]
[SourceVersionDate "2019.06.21"]
[SourceQuality "1"]

1. e4 e6 2. d3 d5 3. Nd2 Nf6 4. Ngf3 Nc6 5. g3 dxe4 6. dxe4 Bc5 7. Bg2 O-O 8.
Qe2 e5 9. c3 a5 10. Nc4 Qe7 11. a4 b6 12. Nh4 Ba6 13. O-O Qe6 14. b3 Ne7 15.
Kh1 Rad8 16. f4 Bxc4 17. bxc4 exf4 18. gxf4 Qg4 19. Qe1 Ng6 20. Nxg6 hxg6 21.
e5 Nh5 22. Ra2 Rd3 23. Be4 Rh3 24. Rg2 Qd7 25. f5 Qxa4 26. Qe2 Qe8 27. Bf3 a4
28. Bg4 Rxc3 29. Bxh5 Rxc1 30. Rxc1 gxh5 31. f6 g6 32. Qxh5 Be3 33. e6 Qc6 34.
exf7+ 1-0

[Event "13. Obert Int. Sant Marti 2011"]
[Site "Barcelona ESP"]
[Date "2011.07.14"]
[Round "2.12"]
[White "Exposito Amaro, Josue"]
[Black "Alarcon Casellas, Rolando"]
[Result "1/2-1/2"]
[WhiteElo "2258"]
[BlackElo "2453"]
[PlyCount "53"]
[EventDate "2011.07.13"]
[EventType "swiss"]
[EventRounds "9"]
[EventCountry "ESP"]
[SourceTitle "Ajedrez en Madrid"]
[Source "lmi"]
[SourceDate "2011.07.13"]
[SourceVersion "1"]
[SourceVersionDate "2019.06.21"]
[SourceQuality "1"]

1. e4 e6 2. d4 d5 3. Nc3 Bb4 4. exd5 exd5 5. Qf3 Qe7+ 6. Nge2 Nc6 7. Qd3 Nf6 8.
a3 Ba5 9. Bg5 h6 10. Bxf6 Bxc3+ 11. Qxc3 Qxf6 12. Qe3+ Be6 13. O-O-O O-O-O 14.
Qf4 Qe7 15. Nc3 g5 16. Qe3 a6 17. Na4 Bg4 18. Qxe7 Nxe7 19. Re1 Nc6 20. c3 Bf5
21. Nc5 a5 22. Bb5 Na7 23. Bd3 Bxd3 24. Nxd3 Nc6 25. Ne5 Nxe5 26. Rxe5 f6 27.
Re6 1/2-1/2

[Event "13. Obert Int. Sant Marti 2011"]
[Site "Barcelona ESP"]
[Date "2011.07.14"]
[Round "2.13"]
[White "Perez Mitjans, Orelvis"]
[Black "Neffe, Axel"]
[Result "1-0"]
[WhiteElo "2452"]
[BlackElo "2260"]
[PlyCount "113"]
[EventDate "2011.07.13"]
[EventType "swiss"]
[EventRounds "9"]
[EventCountry "ESP"]
[SourceTitle "Ajedrez en Madrid"]
[Source "lmi"]
[SourceDate "2011.07.13"]
[SourceVersion "1"]
[SourceVersionDate "2019.06.21"]
[SourceQuality "1"]

1. e4 c5 2. Nf3 e6 3. c3 Nf6 4. Qe2 Be7 5. g3 d5 6. e5 Nfd7 7. d3 Nc6 8. h4 b6
9. Bh3 Bb7 10. O-O Qc7 11. Bf4 g6 12. d4 h6 13. Be3 O-O-O 14. Rc1 Kb8 15. Nbd2
c4 16. b3 Na5 17. b4 Nc6 18. a4 Rde8 19. Nb1 Nd8 20. b5 Bc8 21. a5 bxa5 22.
Nbd2 Nb7 23. Bg2 Nb6 24. Nh2 a4 25. Qf3 Ref8 26. Ng4 h5 27. Nf6 Na5 28. Ra2 Bd7
29. Bg5 Bxb5 30. Rb1 Nb3 31. Qf4 Bd8 32. Bh6 Nd7 33. Bxf8 Nxf8 34. Qf3 Qc6 35.
Qe3 Nd7 36. Nf3 Nxf6 37. exf6 Ba5 38. Ne5 Qc7 39. Rc2 a6 40. Rbb2 Ka7 41. Ra2
Rb8 42. Qh6 Bb6 43. Kh2 Be8 44. f4 Bxd4 45. cxd4 Nxd4 46. Rd2 c3 47. Rxd4 c2
48. Nd3 Qc3 49. Rxc2 Qxd4 50. Qf8 Qxd3 51. Rc7+ Ka8 52. Qc5 Rb7 53. Rc8+ Rb8
54. Rxe8 Qb3 55. Qc6+ Qb7 56. Rxb8+ Kxb8 57. Qxa4 1-0

[Event "13. Obert Int. Sant Marti 2011"]
[Site "Barcelona ESP"]
[Date "2011.07.14"]
[Round "2.15"]
[White "Ortega Serra, Marc"]
[Black "Gonzalez Rodriguez, Jorge A."]
[Result "1-0"]
[WhiteElo "2238"]
[BlackElo "2434"]
[PlyCount "185"]
[EventDate "2011.07.13"]
[EventType "swiss"]
[EventRounds "9"]
[EventCountry "ESP"]
[SourceTitle "Ajedrez en Madrid"]
[Source "lmi"]
[SourceDate "2011.07.13"]
[SourceVersion "1"]
[SourceVersionDate "2019.06.21"]
[SourceQuality "1"]

1. d4 Nf6 2. c4 c5 3. d5 e5 4. dxe6 fxe6 5. Bg5 d5 6. e4 dxe4 7. Qxd8+ Kxd8 8.
Nc3 Be7 9. O-O-O+ Bd7 10. Nge2 Ke8 11. Ng3 Bc6 12. Re1 h6 13. Bd2 Nbd7 14.
Ngxe4 Kf7 15. f3 Rad8 16. Bf4 Nxe4 17. Nxe4 Nf6 18. Nc3 Nh5 19. Be3 b6 20. Kc2
g5 21. Bd3 Ng7 22. Re2 Nf5 23. Rhe1 Bf6 24. Bf2 Rhe8 25. Be4 Bxe4+ 26. Rxe4 Bd4
27. Nd1 Bxf2 28. Nxf2 Rd6 29. Ng4 Red8 30. Kc1 h5 31. Ne5+ Kg7 32. g4 hxg4 33.
fxg4 Nh4 34. Rf1 Rf8 35. Rxf8 Kxf8 36. Re2 Rd4 37. b3 Rd6 38. Rf2+ Ke8 39. Nf7
Rd4 40. Nxg5 Rxg4 41. Nxe6 Kd7 42. Nf4 Rg1+ 43. Kc2 Nf5 44. Nd5 Nd4+ 45. Kb2
Ke6 46. Nc7+ Ke5 47. h4 Rh1 48. Nb5 a6 49. Nc7 a5 50. Na8 b5 51. cxb5 Nxb5 52.
Nb6 Nd6 53. Re2+ Kf4 54. Rc2 Ne4 55. Na4 Rxh4 56. Nxc5 Nd6 57. Na4 Ne4 58. Ka3
Ke5 59. Nb2 Nd6 60. Rc5+ Ke6 61. Rxa5 Kd7 62. Rc5 Rh2 63. Na4 Ne4 64. Rc4 Nd6
65. Rd4 Kc6 66. Nc3 Kc5 67. Rd5+ Kc6 68. Re5 Rh4 69. Kb2 Rh2+ 70. Re2 Rh3 71.
a4 Rh4 72. Rc2 Kb7 73. Nd5 Rd4 74. Ne3 Rd3 75. Nc4 Ne4 76. Re2 Nc3 77. Re7+ Ka6
78. Kc2 Rh3 79. Re6+ Kb7 80. Re3 Rxe3 81. Nxe3 Ne4 82. b4 Ka6 83. Nc4 Nf6 84.
b5+ Kb7 85. Kb3 Nd5 86. a5 Ka7 87. Ne5 Kb7 88. Kc4 Nf4 89. Nd3 Ng6 90. Kd5 Nf8
91. Kd6 Ng6 92. Nc5+ Kb8 93. b6 1-0

[Event "13. Obert Int. Sant Marti 2011"]
[Site "Barcelona ESP"]
[Date "2011.07.14"]
[Round "2.16"]
[White "Pogorelov, Ruslan"]
[Black "Avila Jimenez, Javier"]
[Result "1-0"]
[WhiteElo "2430"]
[BlackElo "2257"]
[PlyCount "89"]
[EventDate "2011.07.13"]
[EventType "swiss"]
[EventRounds "9"]
[EventCountry "ESP"]
[SourceTitle "Ajedrez en Madrid"]
[Source "lmi"]
[SourceDate "2011.07.13"]
[SourceVersion "1"]
[SourceVersionDate "2019.06.21"]
[SourceQuality "1"]

1. Nf3 d5 2. d4 c6 3. c4 dxc4 4. e3 Be6 5. Qc2 b5 6. Ng5 Qd5 7. Nxe6 Qxe6 8. a4
Nd7 9. axb5 cxb5 10. b3 Qg6 11. Qxg6 hxg6 12. Na3 cxb3 13. Nxb5 Rb8 14. Bb2 e6
15. Bd3 Bb4+ 16. Ke2 Kd8 17. Nxa7 Ne7 18. h3 Rh5 19. Rhc1 Nb6 20. Bb5 Ra8 21.
Nc6+ Nxc6 22. Rxa8+ Nxa8 23. Bxc6 Nb6 24. Kd3 Ra5 25. Ra1 Ra2 26. Rxa2 bxa2 27.
e4 f5 28. f3 Kc7 29. Bb5 Kd6 30. Kc2 Ke7 31. Kb3 Bd2 32. Kxa2 Nd7 33. Ba3+ Kd8
34. Bxd7 Kxd7 35. Bf8 Bh6 36. Kb3 Ke8 37. Bd6 Kd7 38. Be5 Ke7 39. Kc4 Kf7 40.
Kc5 Be3 41. Kc6 Bg5 42. d5 exd5 43. exd5 Bd8 44. Bc7 Bf6 45. d6 1-0

[Event "13. Obert Int. Sant Marti 2011"]
[Site "Barcelona ESP"]
[Date "2011.07.14"]
[Round "2.18"]
[White "Rios, Cristhian Camilo"]
[Black "Obon Temprano, Sergi"]
[Result "0-1"]
[WhiteElo "2424"]
[BlackElo "2255"]
[PlyCount "76"]
[EventDate "2011.07.13"]
[EventType "swiss"]
[EventRounds "9"]
[EventCountry "ESP"]
[SourceTitle "Ajedrez en Madrid"]
[Source "lmi"]
[SourceDate "2011.07.13"]
[SourceVersion "1"]
[SourceVersionDate "2019.06.21"]
[SourceQuality "1"]

1. e4 e5 2. Nf3 Nc6 3. Bc4 Nf6 4. d3 Be7 5. c3 d6 6. Bb3 O-O 7. Nbd2 h6 8. h3
Nh7 9. Nc4 Ng5 10. Ne3 Nxf3+ 11. Qxf3 Bg5 12. g3 Be6 13. h4 Qf6 14. Qe2 Bxe3
15. Bxe3 Bxb3 16. axb3 Qe6 17. g4 Qxb3 18. g5 Kh7 19. Rg1 Qe6 20. h5 Ne7 21. f4
exf4 22. Bxf4 f5 23. Qg2 fxe4 24. gxh6 g6 25. Bg5 Rg8 26. Bxe7 gxh5 27. Bg5
exd3+ 28. Kd2 Rxg5 29. Qf3 Rxg1 30. Rxg1 Qe2+ 31. Qxe2 dxe2 32. Rg7+ Kxh6 33.
Rxc7 Re8 34. Ke1 h4 35. Rxb7 h3 36. Rb4 Kg5 37. Rb5+ Kg4 38. Rb7 Rh8 0-1

[Event "13. Obert Int. Sant Marti 2011"]
[Site "Barcelona ESP"]
[Date "2011.07.14"]
[Round "2.19"]
[White "Alberto, Manuel"]
[Black "Cruz, Jonathan"]
[Result "0-1"]
[WhiteElo "2218"]
[BlackElo "2406"]
[PlyCount "104"]
[EventDate "2011.07.13"]
[EventType "swiss"]
[EventRounds "9"]
[EventCountry "ESP"]
[SourceTitle "Ajedrez en Madrid"]
[Source "lmi"]
[SourceDate "2011.07.13"]
[SourceVersion "1"]
[SourceVersionDate "2019.06.21"]
[SourceQuality "1"]

1. e4 c6 2. d4 d5 3. e5 c5 4. dxc5 Nc6 5. Bf4 e6 6. Nd2 Nge7 7. Ngf3 Ng6 8. Bg3
h5 9. h3 h4 10. Bh2 Bxc5 11. Nb3 Bb6 12. Bd3 Nge7 13. Qd2 a5 14. a4 Nb4 15.
Bb5+ Bd7 16. c3 Na6 17. Nfd4 Bxb5 18. Nxb5 Nf5 19. N3d4 Bxd4 20. cxd4 O-O 21.
O-O Nc7 22. Na3 Qd7 23. Nc2 b5 24. b3 bxa4 25. bxa4 Rfb8 26. Rfc1 Na6 27. Bf4
Ra7 28. Qd1 Rc7 29. Na3 Rb4 30. Nb5 Rxc1 31. Bxc1 Nc7 32. Ba3 Rc4 33. Bc5 Nxb5
34. axb5 Qxb5 35. Rb1 Qa4 36. Qh5 Nh6 37. Qxh4 Kh7 38. Qg5 Qc2 39. Re1 a4 40.
g4 Qc3 41. Qe3 Qc2 42. Qe2 Qg6 43. Qf3 Nf5 44. Rd1 Nh4 45. Qg3 Qh6 46. Rf1 Kg8
47. Rb1 Rc1+ 48. Rxc1 Qxc1+ 49. Kh2 g5 50. Qd3 Qf4+ 51. Kg1 Nf3+ 52. Kf1 Qc1+
0-1

[Event "13. Obert Int. Sant Marti 2011"]
[Site "Barcelona ESP"]
[Date "2011.07.14"]
[Round "2.20"]
[White "Cruz, Filemon"]
[Black "Martinez Romero, Martin"]
[Result "1/2-1/2"]
[WhiteElo "2406"]
[BlackElo "2235"]
[PlyCount "103"]
[EventDate "2011.07.13"]
[EventType "swiss"]
[EventRounds "9"]
[EventCountry "ESP"]
[SourceTitle "Ajedrez en Madrid"]
[Source "lmi"]
[SourceDate "2011.07.13"]
[SourceVersion "1"]
[SourceVersionDate "2019.06.21"]
[SourceQuality "1"]

1. d4 Nf6 2. c4 g6 3. Nc3 Bg7 4. e4 d6 5. Be2 O-O 6. Bg5 c5 7. d5 b5 8. cxb5 a6
9. a4 h6 10. Bf4 Qa5 11. f3 axb5 12. Bxb5 Ba6 13. Ra3 Nbd7 14. Nge2 c4 15. Nd4
Nc5 16. Nc6 Qc7 17. O-O Nd3 18. Be3 e6 19. Bd4 Nxb2 20. Qc2 Nd3 21. Bxa6 Rxa6
22. Nb5 Qd7 23. Qxc4 Nf4 24. Nb4 Rc8 25. Qa2 Ra5 26. dxe6 fxe6 27. g3 Nh3+ 28.
Kg2 Ng5 29. h4 Nf7 30. Rd1 Kh7 31. Qb2 e5 32. Bb6 Rxb5 33. axb5 Qxb5 34. Bf2 d5
35. Ra7 Kg8 36. Qb3 Rc4 37. Rb1 dxe4 38. Rc1 exf3+ 39. Kxf3 Nd6 40. Rxc4 Qxc4
41. Qxc4+ Nxc4 42. Rc7 Nd6 43. Bc5 Nf5 44. Nc6 e4+ 45. Kg2 h5 46. Ne5 Nd5 47.
Rc8+ Kh7 48. Re8 Nde3+ 49. Kh3 Nf1 50. Bf2 e3 51. Be1 Nd2 52. Kg2 1/2-1/2

[Event "13. Obert Int. Sant Marti 2011"]
[Site "Barcelona ESP"]
[Date "2011.07.15"]
[Round "3.1"]
[White "Leon Hoyos, Manuel"]
[Black "Jimenez Fraga, Pedro Alejandro"]
[Result "1-0"]
[WhiteElo "2548"]
[BlackElo "2464"]
[PlyCount "117"]
[EventDate "2011.07.13"]
[EventType "swiss"]
[EventRounds "9"]
[EventCountry "ESP"]
[SourceTitle "Ajedrez en Madrid"]
[Source "lmi"]
[SourceDate "2011.07.13"]
[SourceVersion "1"]
[SourceVersionDate "2019.06.21"]
[SourceQuality "1"]

1. c4 Nf6 2. Nc3 g6 3. e4 d6 4. d4 Bg7 5. f3 c6 6. Be3 O-O 7. Nge2 a6 8. c5 b5
9. cxb6 Qxb6 10. Qd2 Nbd7 11. Nf4 Qb8 12. Be2 a5 13. O-O Nb6 14. b3 Nfd7 15.
Rac1 e6 16. Rfd1 Bb7 17. Nh3 Re8 18. Nf2 Qd8 19. Bh6 Bh8 20. Ng4 Qe7 21. Bg5 f6
22. Bh4 h5 23. Ne3 Bg7 24. Bd3 Qf8 25. f4 f5 26. e5 d5 27. Ne2 Rec8 28. Rc2 Qb4
29. Qc1 Rc7 30. h3 Qf8 31. g4 hxg4 32. hxg4 a4 33. gxf5 gxf5 34. Ng3 axb3 35.
axb3 Qb4 36. Rg2 Kf8 37. Ngxf5 exf5 38. Nxf5 Bh8 39. Be7+ Qxe7 40. Nxe7 Kxe7
41. f5 Rf8 42. Qg5+ Nf6 43. exf6+ Bxf6 44. Qf4 Kd8 45. Re1 Nd7 46. b4 Rc8 47.
Rg6 Ra8 48. Re6 Ra1+ 49. Kf2 Ra2+ 50. Ke1 Rh8 51. Rexf6 Rh1+ 52. Bf1 Ra1+ 53.
Kd2 Rh2+ 54. Bg2 Rxg2+ 55. Rxg2 Ra2+ 56. Ke3 Ra3+ 57. Kf2 Ra2+ 58. Kg1 Rxg2+
59. Kxg2 1-0

[Event "13. Obert Int. Sant Marti 2011"]
[Site "Barcelona ESP"]
[Date "2011.07.15"]
[Round "3.2"]
[White "Pilgaard, Kim"]
[Black "Cuartas, Jaime Alexander"]
[Result "1/2-1/2"]
[WhiteElo "2442"]
[BlackElo "2542"]
[PlyCount "149"]
[EventDate "2011.07.13"]
[EventType "swiss"]
[EventRounds "9"]
[EventCountry "ESP"]
[SourceTitle "Ajedrez en Madrid"]
[Source "lmi"]
[SourceDate "2011.07.13"]
[SourceVersion "1"]
[SourceVersionDate "2019.06.21"]
[SourceQuality "1"]

1. e4 c5 2. Nf3 Nc6 3. d4 cxd4 4. Nxd4 g6 5. c4 Bg7 6. Be3 Nf6 7. Nc3 O-O 8.
Be2 b6 9. O-O Bb7 10. f3 Qb8 11. Qd2 Rd8 12. Rad1 d6 13. Nxc6 Bxc6 14. Nd5 Rd7
15. Bg5 Qd8 16. Nxf6+ Bxf6 17. Bxf6 exf6 18. Qh6 Qe7 19. Rd2 Rad8 20. Kh1 Qe5
21. Bd3 Qg5 22. Qxg5 fxg5 23. Bc2 Kf8 24. Kg1 Ke7 25. Kf2 Rc7 26. Rfd1 f6 27.
Rd4 Be8 28. R1d2 Bf7 29. b3 a5 30. a4 Rc5 31. g3 Be6 32. Bd1 h6 33. Be2 Rd7 34.
Bd1 Rc8 35. Bc2 Rf8 36. Ke3 Rh8 37. Bd1 Rhd8 38. Be2 Rg8 39. Bd1 Rh8 40. Be2 h5
41. Bd1 h4 42. g4 Rc8 43. Bc2 Rc5 44. Bb1 Re5 45. Kf2 Rd8 46. Bc2 Rc5 47. Ke3
Rc6 48. Bb1 Kd7 49. Kd3 Kc7 50. Kc3 Rc5 51. Bc2 Rd7 52. Rd1 Re5 53. R1d2 f5 54.
exf5 gxf5 55. Bxf5 Bxf5 56. gxf5 Rxf5 57. R2d3 Rdf7 58. Rxd6 Rxf3 59. Rg6 Rxd3+
60. Kxd3 Rf3+ 61. Kc2 Rf2+ 62. Kc3 Rxh2 63. Rxg5 Rh3+ 64. Kb2 Rg3 65. Rh5 h3
66. c5 Rg2+ 67. Ka3 h2 68. cxb6+ Kxb6 69. b4 Rg3+ 70. Kb2 Rg2+ 71. Kb3 Rg3+ 72.
Kb2 axb4 73. Rxh2 Ka5 74. Rh8 Kxa4 75. Ra8+ 1/2-1/2

[Event "13. Obert Int. Sant Marti 2011"]
[Site "Barcelona ESP"]
[Date "2011.07.15"]
[Round "3.3"]
[White "Gonzalez Garcia, Jose"]
[Black "Perez Mitjans, Orelvis"]
[Result "0-1"]
[WhiteElo "2522"]
[BlackElo "2452"]
[PlyCount "62"]
[EventDate "2011.07.13"]
[EventType "swiss"]
[EventRounds "9"]
[EventCountry "ESP"]
[SourceTitle "Ajedrez en Madrid"]
[Source "lmi"]
[SourceDate "2011.07.13"]
[SourceVersion "1"]
[SourceVersionDate "2019.06.21"]
[SourceQuality "1"]

1. Nf3 Nf6 2. c4 g6 3. Nc3 c5 4. d4 cxd4 5. Nxd4 Nc6 6. e4 d6 7. Be2 Bg7 8. Be3
O-O 9. O-O Nxd4 10. Bxd4 Bd7 11. Qd2 Bc6 12. f3 a5 13. b3 Nd7 14. Be3 Nc5 15.
Rab1 Qb6 16. Rfc1 f5 17. exf5 Rxf5 18. f4 Raf8 19. Bg4 Rxf4 20. Bxf4 Rxf4 21.
Nd5 Nxb3+ 22. c5 Nxd2 23. Be6+ Kh8 24. Rxb6 Re4 25. Nc7 Bd4+ 26. Kh1 Bxc5 27.
Rxc6 bxc6 28. Bd7 Ba3 29. Rd1 Rc4 30. h3 Ne4 31. Rb1 d5 0-1

[Event "13. Obert Int. Sant Marti 2011"]
[Site "Barcelona ESP"]
[Date "2011.07.15"]
[Round "3.4"]
[White "Delgado Ramos, Hector"]
[Black "Pogorelov, Ruslan"]
[Result "1/2-1/2"]
[WhiteElo "2488"]
[BlackElo "2430"]
[PlyCount "123"]
[EventDate "2011.07.13"]
[EventType "swiss"]
[EventRounds "9"]
[EventCountry "ESP"]
[SourceTitle "Ajedrez en Madrid"]
[Source "lmi"]
[SourceDate "2011.07.13"]
[SourceVersion "1"]
[SourceVersionDate "2019.06.21"]
[SourceQuality "1"]

1. d4 Nf6 2. c4 e6 3. Nf3 b6 4. g3 Ba6 5. Qa4 Bb7 6. Bg2 c5 7. dxc5 Bxc5 8. O-O
O-O 9. Nc3 Be7 10. Bf4 Na6 11. Rfd1 Nc5 12. Qc2 Qc8 13. Rd4 d5 14. Ne5 Nce4 15.
Nxe4 dxe4 16. Rdd1 h6 17. h4 Rd8 18. Rxd8+ Qxd8 19. g4 Bd6 20. Nxf7 Kxf7 21.
Rd1 Ne8 22. Bxe4 Bxe4 23. Qxe4 Rc8 24. Bxd6 Nxd6 25. Qf4+ Ke7 26. Qe5 Qc7 27.
Qxg7+ Nf7 28. b3 Qe5 29. Qxe5 Nxe5 30. f3 b5 31. cxb5 Rc2 32. Kf2 Rxa2 33. Rd4
Rc2 34. Ra4 Rc7 35. h5 Nf7 36. Ra6 Rb7 37. f4 Nd6 38. b6 axb6 39. Kf3 Kf6 40.
e3 e5 41. Ra8 exf4 42. exf4 Rc7 43. Rg8 Rc3+ 44. Ke2 Ke6 45. Rg6+ Kd5 46. Rxh6
Rxb3 47. Rg6 b5 48. h6 Rh3 49. g5 b4 50. Rg8 Ke4 51. Rb8 Rh2+ 52. Kf1 Kf3 53.
Ke1 Ke3 54. Kf1 Kf3 55. Ke1 Ne4 56. Kd1 Ke3 57. g6 Rxh6 58. g7 Nf6 59. f5 Rh1+
60. Kc2 Rg1 61. Rf8 Rxg7 62. Rxf6 1/2-1/2

[Event "13. Obert Int. Sant Marti 2011"]
[Site "Barcelona ESP"]
[Date "2011.07.15"]
[Round "3.5"]
[White "Karlsson, Lars"]
[Black "Cruz, Jonathan"]
[Result "0-1"]
[WhiteElo "2482"]
[BlackElo "2406"]
[PlyCount "134"]
[EventDate "2011.07.13"]
[EventType "swiss"]
[EventRounds "9"]
[EventCountry "ESP"]
[SourceTitle "Ajedrez en Madrid"]
[Source "lmi"]
[SourceDate "2011.07.13"]
[SourceVersion "1"]
[SourceVersionDate "2019.06.21"]
[SourceQuality "1"]

1. g3 Nf6 2. Bg2 d5 3. Nf3 Bg4 4. b3 e6 5. Bb2 Nbd7 6. O-O Be7 7. c4 c6 8. d3
O-O 9. a3 a5 10. Nc3 h6 11. cxd5 exd5 12. Qc2 Re8 13. e4 Bf8 14. exd5 cxd5 15.
Nb5 Rc8 16. Qd2 Nc5 17. Nfd4 Qb6 18. Rab1 Bd7 19. a4 Na6 20. Nc2 Bxb5 21. axb5
Nb4 22. Ne3 Bc5 23. Bxf6 Rxe3 24. d4 Rd3 25. dxc5 Qxf6 26. Qc1 Qc3 27. Bh3 Rxc5
28. Qf4 g6 29. Rfe1 Kg7 30. Re7 Qf6 31. Qxf6+ Kxf6 32. Rxb7 Rd2 33. b6 Rdc2 34.
Bf1 Rc8 35. Re1 Nc6 36. Bh3 Rd8 37. Rc7 Rb8 38. b7 Nd4 39. Ree7 Rxc7 40. Rxc7
Nxb3 41. Bg2 Ke6 42. Rc6+ Ke5 43. f4+ Kd4 44. Rd6 Rxb7 45. Bxd5 Kc5 46. Rd8 Rb6
47. Bxf7 a4 48. Ra8 Kb4 49. Kf2 Rf6 50. Bg8 Nc5 51. Rb8+ Kc3 52. Rc8 Kb4 53.
Rb8+ Ka5 54. Ke3 Nd7 55. Rb7 Nb6 56. Kd4 Ka6 57. Rc7 Kb5 58. Bf7 a3 59. Be8+
Kb4 60. Ke5 Rf5+ 61. Ke4 a2 62. Rc1 Nc4 63. Bd7 Nd2+ 64. Ke3 Nb3 65. Rg1 Rf6
66. g4 Rd6 67. Bc8 Rc6 0-1